Top 10 Monty Python Skits - Statistics

General Stats
  • This quiz has been taken 136 times
  • The average score is 4 of 10
Answer Stats
Answer % Correct
1 Dead Parrot
92%
6 Homicidal Barber/The Lumberjack Song
62%
9 Cheese Shop
59%
10 The Argument Clinic
45%
5 Spam
32%
7 Nudge Nudge
30%
2 Upper Class Twit of the Year
21%
8 Self Defense Against Fresh Fruit
13%
3 The Funniest Joke in the World
11%
4 Hitler in England
3%
No matching quizzes found
Score Distribution
Percent of People with Each Score
Percentile by Number Answered
Your Score History
You have not taken this quiz